[Event "22nd ETCC Women 2019"]
[Site "Batumi"]
[Date "2019.10.27"]
[Round "4.20"]
[White "Koskoska, Gabriela"]
[Black "Miturova, Magdalena"]
[Result "1/2-1/2"]
[WhiteElo "2036"]
[BlackElo "2179"]
[Annotator "NA"]
[PlyCount "127"]
[EventDate "2019.10.24"]
[EventType "team-tourn"]
[EventCountry "GEO"]
[SourceTitle "playchess.com"]
[Source "ChessBase"]
[SourceQuality "1"]
[WhiteTeam "Macedonia"]
[BlackTeam "Czech Republic"]
[WhiteTeamCountry "MKD"]
[BlackTeamCountry "CZE"]
[TimeControl "40/5400+30:1800+30"]

1. c4 {[%emt 0:00:00]} e5 {[%emt 0:00:00]} 2. Nc3 {[%emt 0:00:22]} Nf6 {[%emt 0:00:00]} 3. Nf3 {[%emt 0:00:21]} Nc6 {[%emt 0:03:09]} 4. a3 {[%emt 0:01:28]} d5 {[%emt 0:05:54]} 5. cxd5 {[%emt 0:00:42]} Nxd5 {[%emt 0:00:08]} 6. Qc2 {[%emt 0:01:10]} Nde7 {[%emt 0:13:21]} 7. e3 {[%emt 0:05:09]} g6 {[%emt 0:00:25]} 8. b4 {[%emt 0:09:03]} a6 {[%emt 0:02:44]} 9. Bc4 {[%emt 0:07:35]} Nf5 {[%emt 0:07:13]} 10. Bb2 {[%emt 0:09:32]} Bg7 {[%emt 0:02:33]} 11. O-O {[%emt 0:01:17]} O-O {[%emt 0:00:38]} 12. Rad1 {[%emt 0:12:15]} Nd6 {[%emt 0:03:17]} 13. Be2 {[%emt 0:04:09]} Be6 {[%emt 0:04:58]} 14. Na4 {[%emt 0:03:08]} Bf5 {[%emt 0:08:28]} 15. d3 {[%emt 0:01:04]} Qe7 {[%emt 0:02:07]} 16. Nc5 {[%emt 0:01:46]} Nd8 {[%emt 0:03:51]} 17. h3 {[%emt 0:05:31]} a5 {[%emt 0:06:58]} 18. Nd2 {[%emt 0:09:08]} axb4 {[%emt 0:02:38]} 19. axb4 {[%emt 0:00:08]} b6 {[%emt 0:00:57]} 20. Nce4 {[%emt 0:04:04]} Nxe4 {[%emt 0:02:31]} 21. dxe4 {[%emt 0:00:48]} Be6 {[%emt 0:01:06]} 22. Ra1 {[%emt 0:02:05]} Rxa1 {[%emt 0:00:31]} 23. Rxa1 {[%emt 0:00:18]} f5 {[%emt 0:08:13]} 24. Ra7 {[%emt 0:03:28]} Rf7 {[%emt 0:00:27]} 25. Ra8 {[%emt 0:02:43]} Bf6 {[%emt 0:05:05]} 26. b5 {[%emt 0:02:01]} Kg7 {[%emt 0:01:57]} 27. exf5 {[%emt 0:02:26]} Bxf5 {[%emt 0:00:18]} 28. e4 {[%emt 0:01:41]} Be6 {[%emt 0:07:38]} 29. Nf3 {[%emt 0:01:51]} Qd6 {[%emt 0:01:33]} 30. Ba3 {[%emt 0:04:41]} Qd7 {[%emt 0:00:28]} 31. Bb2 {[%emt 0:00:20]} Qd6 {[%emt 0:01:24]} 32. Ba3 {[%emt 0:00:36]} c5 {[%emt 0:02:27]} 33. bxc6 {[%emt 0:00:38]} Qxc6 {[%emt 0:00:02]} 34. Qxc6 {[%emt 0:02:28]} Nxc6 {[%emt 0:00:02]} 35. Ra6 {[%emt 0:01:08]} Rb7 {[%emt 0:00:19]} 36. Bb2 {[%emt 0:00:23]} Kf7 {[%emt 0:02:59]} 37. Bb5 {[%emt 0:00:50]} Na7 {[%emt 0:01:03]} 38. Be2 {[%emt 0:00:46]} Nc6 {[%emt 0:00:13]} 39. g4 {[%emt 0:00:54]} Nd4 {[%emt 0:01:07]} 40. Bxd4 {[%emt 0:00:00]} exd4 {[%emt 0:00:00]} 41. e5 {[%emt 0:01:24]} Be7 {[%emt 0:06:14]} 42. Nxd4 {[%emt 0:01:48]} Bc5 {[%emt 0:00:51]} 43. Nf3 {[%emt 0:09:44]} h6 {[%emt 0:04:15]} 44. Nd2 {[%emt 0:03:46]} Bd5 {[%emt 0:03:24]} 45. Bd3 {[%emt 0:05:42]} Bd4 {[%emt 0:09:39]} 46. Kf1 {[%emt 0:06:48]} Bxe5 {[%emt 0:04:01]} 47. Nc4 {[%emt 0:00:08]} Bc7 {[%emt 0:01:06]} 48. Ke2 {[%emt 0:00:12]} Kf6 {[%emt 0:01:21]} 49. Ne3 {[%emt 0:00:40]} Bc6 {[%emt 0:01:11]} 50. h4 {[%emt 0:01:19]} Be5 {[%emt 0:00:52]} 51. Nc4 {[%emt 0:02:38]} Bd4 {[%emt 0:00:11]} 52. Ne3 {[%emt 0:01:06]} Bc5 {[%emt 0:00:44]} 53. Ra8 {[%emt 0:00:34]} Kg7 {[%emt 0:02:32]} 54. Rc8 {[%emt 0:00:42]} Bd7 {[%emt 0:00:14]} 55. Rd8 {[%emt 0:00:43]} Bxe3 {[%emt 0:01:16]} 56. Kxe3 {[%emt 0:00:09]} Bxg4 {[%emt 0:00:09]} 57. Rd6 {[%emt 0:00:55]} Bh5 {[%emt 0:00:52]} 58. Be4 {[%emt 0:01:16]} Rb8 {[%emt 0:00:37]} 59. Rd7+ {[%emt 0:00:24]} Kf6 {[%emt 0:00:05]} 60. Kd4 {[%emt 0:00:49]} Ke6 {[%emt 0:00:46]} 61. Rh7 {[%emt 0:01:02]} Rd8+ {[%emt 0:00:45]} 62. Ke3 {[%emt 0:00:08]} Kf6 {[%emt 0:00:25]} 63. Rb7 {[%emt 0:00:41]} Rd6 {[%emt 0:00:04]} 64. f3 {[%emt 0:00:07]} 1/2-1/2

[Event "22nd ETCC Women 2019"]
[Site "Batumi"]
[Date "2019.10.27"]
[Round "4.21"]
[White "Unuk, Laura"]
[Black "Eric, Jovana"]
[Result "1-0"]
[WhiteElo "2278"]
[BlackElo "2285"]
[Annotator "NA"]
[PlyCount "79"]
[EventDate "2019.10.24"]
[EventType "team-tourn"]
[EventCountry "GEO"]
[SourceTitle "playchess.com"]
[Source "ChessBase"]
[SourceQuality "1"]
[WhiteTeam "Slovenia"]
[BlackTeam "Serbia"]
[WhiteTeamCountry "SLO"]
[BlackTeamCountry "SRB"]
[TimeControl "40/5400+30:1800+30"]

1. Nf3 {[%emt 0:00:00]} e6 {[%emt 0:00:00]} 2. g3 {[%emt 0:00:08]} f5 {[%emt 0:00:12]} 3. Bg2 {[%emt 0:00:43]} Nf6 {[%emt 0:00:22]} 4. O-O {[%emt 0:04:06]} d5 {[%emt 0:01:27]} 5. c4 {[%emt 0:06:16]} Be7 {[%emt 0:05:22]} 6. b3 {[%emt 0:00:37]} O-O {[%emt 0:02:01]} 7. Bb2 {[%emt 0:03:09]} c6 {[%emt 0:04:50]} 8. d3 {[%emt 0:02:13]} a5 {[%emt 0:02:01]} 9. Nbd2 {[%emt 0:08:45]} c5 {[%emt 0:06:57]} 10. e3 {[%emt 0:08:57]} Nc6 {[%emt 0:05:32]} 11. d4 {[%emt 0:10:00]} cxd4 {[%emt 0:13:38]} 12. Nxd4 {[%emt 0:01:51]} Nb4 {[%emt 0:01:48]} 13. cxd5 {[%emt 0:09:08]} Nbxd5 {[%emt 0:04:25]} 14. Nc4 {[%emt 0:03:08]} Qe8 {[%emt 0:12:22]} 15. Nxf5 {[%emt 0:09:19]} Bb4 {[%emt 0:00:15]} 16. Nfd6 {[%emt 0:04:49]} Qe7 {[%emt 0:00:23]} 17. e4 {[%emt 0:09:01]} Nc3 {[%emt 0:07:08]} 18. Qd3 {[%emt 0:03:43]} b5 {[%emt 0:09:18]} 19. Nb6 {[%emt 0:08:07]} Qxd6 {[%emt 0:00:44]} 20. Qxd6 {[%emt 0:00:03]} Ne2+ {[%emt 0:00:05]} 21. Kh1 {[%emt 0:00:02]} Bxd6 {[%emt 0:00:06]} 22. Nxa8 {[%emt 0:01:08]} Ng4 {[%emt 0:05:15]} 23. e5 {[%emt 0:00:25]} Bc5 {[%emt 0:02:09]} 24. h3 {[%emt 0:00:04]} Nxf2+ {[%emt 0:03:06]} 25. Kh2 {[%emt 0:00:03]} Rd8 {[%emt 0:02:37]} 26. Bc1 {[%emt 0:04:30]} Bd4 {[%emt 0:01:11]} 27. Bg5 {[%emt 0:00:13]} Rf8 {[%emt 0:04:00]} 28. Rae1 {[%emt 0:00:23]} Nc3 {[%emt 0:01:07]} 29. Be3 {[%emt 0:00:25]} Bxe3 {[%emt 0:01:21]} 30. Rxe3 {[%emt 0:00:04]} b4 {[%emt 0:03:20]} 31. Kg1 {[%emt 0:00:28]} Nfd1 {[%emt 0:00:42]} 32. Rxf8+ {[%emt 0:00:22]} Kxf8 {[%emt 0:00:03]} 33. Rd3 Ba6 {[%emt 0:01:44]} 34. Rd6 {[%emt 0:01:04]} Bb5 {[%emt 0:00:32]} 35. Nc7 {[%emt 0:00:20]} Be2 {[%emt 0:00:41]} 36. Nxe6+ {[%emt 0:00:42]} Ke7 {[%emt 0:00:04]} 37. Nxg7 {[%emt 0:01:16]} Nxa2 {[%emt 0:00:21]} 38. Nf5+ {[%emt 0:00:28]} Kf8 {[%emt 0:00:10]} 39. e6 {[%emt 0:00:13]} Nac3 {[%emt 0:00:47]} 40. Rd8# {[%emt 0:00:00]} 1-0

[Event "22nd ETCC Women 2019"]
[Site "Batumi"]
[Date "2019.10.27"]
[Round "4.21"]
[White "Goossens, Hanne"]
[Black "Cramling, Pia"]
[Result "0-1"]
[WhiteElo "2156"]
[BlackElo "2462"]
[Annotator "ChessBase"]
[PlyCount "70"]
[EventDate "2019.10.24"]
[EventType "team-tourn"]
[EventCountry "GEO"]
[SourceTitle "playchess.com"]
[Source "ChessBase"]
[SourceQuality "1"]
[WhiteTeam "Belgium"]
[BlackTeam "Sweden"]
[WhiteTeamCountry "BEL"]
[BlackTeamCountry "SWE"]
[TimeControl "40/5400+30:1800+30"]

1. e4 {[%emt 0:00:00]} c5 {[%emt 0:00:00]} 2. Nf3 {[%emt 0:00:00]} e6 {[%emt 0:00:00]} 3. d4 {[%emt 0:00:00]} cxd4 {[%emt 0:00:00]} 4. Nxd4 {[%emt 0:00:00]} a6 {[%emt 0:00:00]} 5. c4 {[%emt 0:00:51]} Nf6 {[%emt 0:00:13]} 6. Nc3 {[%emt 0:00:07]} Bb4 {[%emt 0:00:46]} 7. Qd3 {[%emt 0:00:56]} d6 {[%emt 0:00:14]} 8. Bd2 {[%emt 0:09:40]} Nbd7 {[%emt 0:11:59]} 9. f3 {[%emt 0:06:54]} O-O {[%emt 0:02:44]} 10. a3 {[%emt 0:03:51]} Ne5 {[%emt 0:06:55]} 11. Qc2 {[%emt 0:01:31]} Bc5 {[%emt 0:00:21]} 12. Be3 {[%emt 0:01:00]} Bd7 {[%emt 0:01:47]} 13. b4 {[%emt 0:09:50]} Ba7 {[%emt 0:00:30]} 14. Qb3 {[%emt 0:06:18]} Qc7 {[%emt 0:06:56]} 15. Rc1 {[%emt 0:02:38]} Rfc8 {[%emt 0:00:38]} 16. Na2 {[%emt 0:02:18]} Qd8 {[%emt 0:09:42]} 17. Be2 {[%emt 0:01:25]} Qe8 {[%emt 0:05:38]} 18. O-O {[%emt 0:12:21]} Ba4 {[%emt 0:02:22]} 19. Qb2 {[%emt 0:01:21]} d5 {[%emt 0:01:04]} 20. cxd5 {[%emt 0:24:36]} exd5 {[%emt 0:00:56]} 21. Nc3 {[%emt 0:00:24]} dxe4 {[%emt 0:18:31]} 22. Nxe4 {[%emt 0:03:16]} Nxe4 {[%emt 0:00:29]} 23. fxe4 {[%emt 0:01:05]} Bc6 {[%emt 0:03:05]} 24. Qb1 {[%emt 0:01:50]} Rd8 {[%emt 0:01:29]} 25. Rcd1 {[%emt 0:01:12]} Ba4 {[%emt 0:02:13]} 26. Rd2 {[%emt 0:06:54]} Rd6 {[%emt 0:00:53]} 27. Kh1 {[%emt 0:02:05]} Rad8 {[%emt 0:02:33]} 28. Qb2 {[%emt 0:00:47]} f6 {[%emt 0:10:24]} 29. Nf5 {[%emt 0:00:39]} Rxd2 {[%emt 0:00:17]} 30. Bxd2 {[%emt 0:00:02]} Bc6 {[%emt 0:00:29]} 31. Ng3 {[%emt 0:00:22]} Bb5 {[%emt 0:01:50]} 32. Bc3 {[%emt 0:01:02]} Nd3 {[%emt 0:02:26]} 33. Bxd3 {[%emt 0:00:29]} Rxd3 {[%emt 0:00:27]} 34. Ne2 {[%emt 0:00:45]} Re3 {[%emt 0:02:42]} 35. Rf2 {[%emt 0:00:26]} Rxe4 {[%emt 0:01:30]} 0-1

[Event "22nd ETCC Women 2019"]
[Site "Batumi"]
[Date "2019.10.27"]
[Round "4.22"]
[White "Injac, Teodora"]
[Black "Janzelj, Lara"]
[Result "1-0"]
[WhiteElo "2257"]
[BlackElo "2159"]
[Annotator "NA"]
[PlyCount "67"]
[EventDate "2019.10.24"]
[EventType "team-tourn"]
[EventCountry "GEO"]
[SourceTitle "playchess.com"]
[Source "ChessBase"]
[SourceQuality "1"]
[WhiteTeam "Serbia"]
[BlackTeam "Slovenia"]
[WhiteTeamCountry "SRB"]
[BlackTeamCountry "SLO"]
[TimeControl "40/5400+30:1800+30"]

1. Nf3 {[%emt 0:00:00]} d5 {[%emt 0:00:00]} 2. g3 {[%emt 0:00:07]} Nf6 {[%emt 0:00:00]} 3. Bg2 {[%emt 0:00:23]} c6 {[%emt 0:00:00]} 4. O-O {[%emt 0:02:12]} Bg4 {[%emt 0:00:00]} 5. c4 {[%emt 0:01:57]} e6 {[%emt 0:00:00]} 6. d3 {[%emt 0:01:09]} Be7 {[%emt 0:01:11]} 7. h3 {[%emt 0:08:24]} Bh5 {[%emt 0:01:47]} 8. Qb3 {[%emt 0:09:55]} Qc8 {[%emt 0:03:34]} 9. Be3 {[%emt 0:04:11]} O-O {[%emt 0:04:04]} 10. Nc3 {[%emt 0:02:06]} Rd8 {[%emt 0:07:27]} 11. cxd5 {[%emt 0:09:16]} exd5 {[%emt 0:02:39]} 12. Bd4 {[%emt 0:08:05]} Nbd7 {[%emt 0:05:14]} 13. g4 {[%emt 0:06:57]} Bg6 {[%emt 0:01:05]} 14. Rac1 {[%emt 0:00:07]} Nc5 {[%emt 0:13:51]} 15. Qa3 {[%emt 0:08:28]} Nfd7 {[%emt 0:01:22]} 16. b4 {[%emt 0:12:27]} Ne6 {[%emt 0:03:00]} 17. Nxd5 {[%emt 0:00:46]} Bf8 {[%emt 0:00:05]} 18. Qb2 {[%emt 0:10:36]} Qb8 {[%emt 0:06:58]} 19. Ne3 {[%emt 0:01:20]} Nxd4 {[%emt 0:00:41]} 20. Nxd4 {[%emt 0:00:50]} Qe5 {[%emt 0:05:03]} 21. Nc4 {[%emt 0:00:46]} Qf6 {[%emt 0:01:12]} 22. a3 {[%emt 0:02:23]} b5 {[%emt 0:05:34]} 23. Nxc6 {[%emt 0:00:58]} bxc4 {[%emt 0:00:10]} 24. Qxf6 {[%emt 0:00:20]} Nxf6 {[%emt 0:00:17]} 25. Nxd8 {[%emt 0:00:10]} Rxd8 {[%emt 0:00:01]} 26. Rxc4 {[%emt 0:00:17]} h5 {[%emt 0:02:36]} 27. Rfc1 {[%emt 0:00:27]} hxg4 {[%emt 0:01:31]} 28. hxg4 {[%emt 0:00:02]} Re8 {[%emt 0:01:43]} 29. Bf3 {[%emt 0:00:41]} Re5 {[%emt 0:01:20]} 30. Rc8 {[%emt 0:01:52]} Rg5 {[%emt 0:01:48]} 31. R1c5 {[%emt 0:00:39]} Rxc5 {[%emt 0:02:20]} 32. bxc5 {[%emt 0:00:03]} Nd7 {[%emt 0:00:12]} 33. c6 {[%emt 0:00:31]} Nb6 {[%emt 0:00:04]} 34. Rb8 {[%emt 0:00:28]} 1-0

[Event "22nd ETCC Women 2019"]
[Site "Batumi"]
[Date "2019.10.27"]
[Round "4.22"]
[White "Frisk, Ellinor"]
[Black "Barbier, Astrid"]
[Result "1-0"]
[WhiteElo "2227"]
[BlackElo "1974"]
[Annotator "NA"]
[PlyCount "67"]
[EventDate "2019.10.24"]
[EventType "team-tourn"]
[EventCountry "GEO"]
[SourceTitle "playchess.com"]
[Source "ChessBase"]
[SourceQuality "1"]
[WhiteTeam "Sweden"]
[BlackTeam "Belgium"]
[WhiteTeamCountry "SWE"]
[BlackTeamCountry "BEL"]
[TimeControl "40/5400+30:1800+30"]

1. d4 {[%emt 0:00:00]} g6 {[%emt 0:00:00]} 2. e4 {[%emt 0:00:14]} Bg7 {[%emt 0:00:00]} 3. Nf3 {[%emt 0:04:42]} d6 {[%emt 0:02:04]} 4. Bc4 {[%emt 0:01:22]} Nf6 {[%emt 0:04:58]} 5. Qe2 {[%emt 0:00:43]} c6 {[%emt 0:10:16]} 6. Bd3 {[%emt 0:06:06]} Nbd7 {[%emt 0:07:23]} 7. O-O {[%emt 0:05:32]} c5 {[%emt 0:10:31]} 8. c3 {[%emt 0:01:04]} cxd4 {[%emt 0:12:04]} 9. cxd4 {[%emt 0:00:22]} Nb6 {[%emt 0:00:43]} 10. h3 {[%emt 0:08:49]} O-O {[%emt 0:03:07]} 11. Be3 {[%emt 0:01:14]} Bd7 {[%emt 0:05:12]} 12. Nc3 {[%emt 0:00:15]} Bc6 {[%emt 0:03:00]} 13. Rac1 {[%emt 0:03:46]} e6 {[%emt 0:06:01]} 14. Rc2 {[%emt 0:07:04]} Qd7 {[%emt 0:04:11]} 15. Rfc1 {[%emt 0:00:18]} Rfc8 {[%emt 0:01:05]} 16. b3 {[%emt 0:01:24]} Qd8 {[%emt 0:00:45]} 17. Qd2 {[%emt 0:03:45]} Ne8 {[%emt 0:06:11]} 18. a4 {[%emt 0:05:11]} a5 {[%emt 0:04:45]} 19. Qe2 {[%emt 0:00:54]} Bd7 {[%emt 0:01:23]} 20. Nd2 {[%emt 0:03:12]} f5 {[%emt 0:03:35]} 21. exf5 {[%emt 0:04:32]} exf5 {[%emt 0:00:29]} 22. Nc4 {[%emt 0:02:06]} Nxc4 {[%emt 0:01:48]} 23. Bxc4+ {[%emt 0:00:04]} Kh8 {[%emt 0:00:31]} 24. Nd5 {[%emt 0:01:34]} Bc6 {[%emt 0:04:22]} 25. Qd2 {[%emt 0:01:19]} Nf6 {[%emt 0:02:57]} 26. Nxf6 {[%emt 0:01:36]} Bxf6 {[%emt 0:00:54]} 27. Be6 {[%emt 0:12:13]} Rcb8 {[%emt 0:02:37]} 28. d5 {[%emt 0:01:30]} Bd7 {[%emt 0:00:11]} 29. Bxd7 {[%emt 0:02:39]} Qxd7 {[%emt 0:00:03]} 30. Rc7 {[%emt 0:00:09]} Qe8 {[%emt 0:00:53]} 31. Bd4 {[%emt 0:01:21]} Bxd4 {[%emt 0:00:58]} 32. Qxd4+ {[%emt 0:00:28]} Qe5 {[%emt 0:00:10]} 33. Qh4 {[%emt 0:01:44]} h5 {[%emt 0:00:31]} 34. Qg5 {[%emt 0:00:43]} 1-0

[Event "22nd ETCC Women 2019"]
[Site "Batumi"]
[Date "2019.10.27"]
[Round "4.23"]
[White "Rozman, Monika"]
[Black "Velikic, Adela"]
[Result "0-1"]
[WhiteElo "2122"]
[BlackElo "2275"]
[Annotator "NA"]
[PlyCount "74"]
[EventDate "2019.10.24"]
[EventType "team-tourn"]
[EventCountry "GEO"]
[SourceTitle "playchess.com"]
[Source "ChessBase"]
[SourceQuality "1"]
[WhiteTeam "Slovenia"]
[BlackTeam "Serbia"]
[WhiteTeamCountry "SLO"]
[BlackTeamCountry "SRB"]
[TimeControl "40/5400+30:1800+30"]

1. e4 {[%emt 0:00:00]} c5 {[%emt 0:00:00]} 2. Nf3 {[%emt 0:00:00]} Nc6 {[%emt 0:00:00]} 3. Nc3 {[%emt 0:01:44]} d6 {[%emt 0:01:31]} 4. d4 {[%emt 0:01:11]} cxd4 {[%emt 0:00:10]} 5. Nxd4 {[%emt 0:00:06]} Nf6 {[%emt 0:00:07]} 6. Be2 {[%emt 0:03:07]} g6 {[%emt 0:00:38]} 7. Be3 {[%emt 0:01:36]} Bg7 {[%emt 0:00:46]} 8. O-O {[%emt 0:02:54]} O-O {[%emt 0:00:30]} 9. h3 {[%emt 0:07:34]} Bd7 {[%emt 0:05:38]} 10. Qd2 {[%emt 0:00:51]} Nxd4 {[%emt 0:11:14]} 11. Bxd4 {[%emt 0:00:56]} Bc6 {[%emt 0:01:00]} 12. Bf3 {[%emt 0:02:03]} Nd7 {[%emt 0:13:13]} 13. Bxg7 {[%emt 0:03:07]} Kxg7 {[%emt 0:00:29]} 14. Rad1 {[%emt 0:02:34]} Qb6 {[%emt 0:08:02]} 15. Qd4+ {[%emt 0:04:07]} Qxd4 {[%emt 0:03:21]} 16. Rxd4 {[%emt 0:00:07]} Rac8 {[%emt 0:07:26]} 17. Re1 {[%emt 0:07:22]} Rc7 {[%emt 0:07:52]} 18. Bd1 {[%emt 0:10:28]} f6 {[%emt 0:06:03]} 19. Nd5 {[%emt 0:17:37]} Bxd5 {[%emt 0:00:21]} 20. exd5 {[%emt 0:00:08]} Rf7 {[%emt 0:08:09]} 21. c4 {[%emt 0:02:28]} f5 {[%emt 0:02:23]} 22. f4 {[%emt 0:06:10]} Nc5 {[%emt 0:04:25]} 23. b4 {[%emt 0:04:33]} Ne4 {[%emt 0:01:42]} 24. Bc2 {[%emt 0:01:33]} Nf6 {[%emt 0:07:27]} 25. Bb3 {[%emt 0:00:20]} b6 {[%emt 0:00:53]} 26. Kf2 {[%emt 0:00:22]} Rf8 {[%emt 0:00:55]} 27. Kf3 {[%emt 0:01:04]} h5 {[%emt 0:03:38]} 28. g3 {[%emt 0:01:38]} Ra8 {[%emt 0:00:28]} 29. Rd3 {[%emt 0:08:34]} a5 {[%emt 0:02:31]} 30. a3 {[%emt 0:00:17]} axb4 {[%emt 0:00:34]} 31. axb4 {[%emt 0:00:22]} Ne4 {[%emt 0:01:11]} 32. g4 {[%emt 0:04:21]} Ra3 {[%emt 0:00:35]} 33. Ke3 {[%emt 0:00:54]} Kf6 {[%emt 0:02:00]} 34. gxh5 {[%emt 0:02:26]} gxh5 {[%emt 0:00:04]} 35. Kd4 {[%emt 0:01:11]} Rc8 {[%emt 0:00:57]} 36. Rg1 {[%emt 0:02:53]} h4 {[%emt 0:00:02]} 37. Re3 {[%emt 0:01:12]} Nd2 {[%emt 0:01:16]} 0-1

[Event "22nd ETCC Women 2019"]
[Site "Batumi"]
[Date "2019.10.27"]
[Round "4.23"]
[White "Mabille, Natacha"]
[Black "Cramling Bellon, Anna"]
[Result "0-1"]
[WhiteElo "1939"]
[BlackElo "2164"]
[Annotator "NA"]
[PlyCount "68"]
[EventDate "2019.10.24"]
[EventType "team-tourn"]
[EventCountry "GEO"]
[SourceTitle "playchess.com"]
[Source "ChessBase"]
[SourceQuality "1"]
[WhiteTeam "Belgium"]
[BlackTeam "Sweden"]
[WhiteTeamCountry "BEL"]
[BlackTeamCountry "SWE"]
[TimeControl "40/5400+30:1800+30"]

1. e4 {[%emt 0:00:00]} c5 {[%emt 0:00:00]} 2. Nf3 {[%emt 0:00:00]} e6 {[%emt 0:00:00]} 3. d4 {[%emt 0:00:28]} cxd4 {[%emt 0:00:00]} 4. Nxd4 {[%emt 0:00:03]} a6 {[%emt 0:00:00]} 5. Nc3 {[%emt 0:00:47]} Qc7 {[%emt 0:00:59]} 6. a3 {[%emt 0:07:56]} Nf6 {[%emt 0:09:57]} 7. Be2 {[%emt 0:03:47]} b5 {[%emt 0:13:25]} 8. O-O {[%emt 0:05:59]} Bb7 {[%emt 0:00:14]} 9. Qd3 {[%emt 0:01:48]} Nc6 {[%emt 0:07:51]} 10. Bg5 {[%emt 0:09:59]} Nxd4 {[%emt 0:18:57]} 11. Qxd4 {[%emt 0:00:42]} Bc5 {[%emt 0:00:05]} 12. Qd3 {[%emt 0:01:58]} Qe5 {[%emt 0:00:34]} 13. Bxf6 {[%emt 0:05:29]} Qxf6 {[%emt 0:10:12]} 14. Bf3 {[%emt 0:03:57]} Qe5 {[%emt 0:00:39]} 15. Rfd1 {[%emt 0:04:55]} Bc6 {[%emt 0:00:20]} 16. b4 {[%emt 0:05:40]} Be7 {[%emt 0:03:21]} 17. Ne2 {[%emt 0:01:19]} O-O {[%emt 0:01:39]} 18. Nd4 {[%emt 0:02:39]} a5 {[%emt 0:06:51]} 19. Rab1 {[%emt 0:07:59]} axb4 {[%emt 0:01:33]} 20. axb4 {[%emt 0:00:07]} Ra4 {[%emt 0:01:13]} 21. Nxc6 {[%emt 0:04:07]} dxc6 {[%emt 0:00:11]} 22. Qd7 {[%emt 0:00:56]} Bxb4 {[%emt 0:08:09]} 23. Qxc6 {[%emt 0:01:19]} g6 {[%emt 0:08:28]} 24. c4 {[%emt 0:14:18]} Rb8 {[%emt 0:02:31]} 25. h3 {[%emt 0:07:13]} Kg7 {[%emt 0:03:11]} 26. Be2 {[%emt 0:04:06]} Bc5 {[%emt 0:01:58]} 27. Rxb5 {[%emt 0:01:54]} Rxb5 {[%emt 0:00:02]} 28. cxb5 {[%emt 0:03:26]} Rxe4 {[%emt 0:00:13]} 29. Bf3 {[%emt 0:00:53]} Re1+ {[%emt 0:00:36]} 30. Rxe1 {[%emt 0:00:01]} Qxe1+ {[%emt 0:00:07]} 31. Kh2 {[%emt 0:00:04]} Bxf2 {[%emt 0:00:58]} 32. h4 {[%emt 0:00:48]} Qg1+ {[%emt 0:00:49]} 33. Kh3 {[%emt 0:00:05]} Qh1+ {[%emt 0:00:06]} 34. Kg4 {[%emt 0:00:03]} Qxh4# {[%emt 0:00:09]} 0-1

[Event "22nd ETCC Women 2019"]
[Site "Batumi"]
[Date "2019.10.27"]
[Round "4.24"]
[White "Gajcin, Marina"]
[Black "Vidic, Teja"]
[Result "1-0"]
[WhiteElo "2262"]
[BlackElo "2174"]
[Annotator "NA"]
[PlyCount "81"]
[EventDate "2019.10.24"]
[EventType "team-tourn"]
[EventCountry "GEO"]
[SourceTitle "playchess.com"]
[Source "ChessBase"]
[SourceQuality "1"]
[WhiteTeam "Serbia"]
[BlackTeam "Slovenia"]
[WhiteTeamCountry "SRB"]
[BlackTeamCountry "SLO"]
[TimeControl "40/5400+30:1800+30"]

1. e4 {[%emt 0:00:00]} c6 {[%emt 0:00:00]} 2. Nf3 {[%emt 0:00:50]} d5 {[%emt 0:00:00]} 3. Nc3 {[%emt 0:00:05]} Nf6 {[%emt 0:00:00]} 4. e5 {[%emt 0:00:29]} Ne4 {[%emt 0:00:00]} 5. d4 {[%emt 0:00:08]} Nxc3 {[%emt 0:00:09]} 6. bxc3 {[%emt 0:00:04]} c5 {[%emt 0:00:07]} 7. c4 {[%emt 0:05:51]} Nc6 {[%emt 0:00:09]} 8. Be2 {[%emt 0:06:44]} cxd4 {[%emt 0:06:54]} 9. Nxd4 {[%emt 0:00:58]} Nxe5 {[%emt 0:04:57]} 10. cxd5 {[%emt 0:00:38]} Qxd5 {[%emt 0:10:56]} 11. O-O {[%emt 0:01:20]} e6 {[%emt 0:00:20]} 12. Nb5 {[%emt 0:08:07]} Qc6 {[%emt 0:09:11]} 13. Bf4 {[%emt 0:01:59]} f6 {[%emt 0:01:41]} 14. Rb1 {[%emt 0:02:09]} a6 {[%emt 0:06:43]} 15. c3 {[%emt 0:18:47]} Be7 {[%emt 0:09:57]} 16. Nd4 {[%emt 0:07:42]} Qd5 {[%emt 0:13:34]} 17. Re1 {[%emt 0:10:21]} O-O {[%emt 0:02:39]} 18. c4 {[%emt 0:14:21]} Qe4 {[%emt 0:04:40]} 19. Bxe5 {[%emt 0:02:38]} fxe5 {[%emt 0:00:55]} 20. Nf3 {[%emt 0:01:25]} Rd8 {[%emt 0:09:03]} 21. Qb3 {[%emt 0:01:09]} Qf5 {[%emt 0:00:40]} 22. Bd1 {[%emt 0:02:22]} b5 {[%emt 0:04:48]} 23. Bc2 {[%emt 0:01:09]} Qf4 {[%emt 0:02:47]} 24. cxb5 {[%emt 0:00:42]} axb5 {[%emt 0:00:23]} 25. Rxe5 {[%emt 0:02:10]} Ra3 {[%emt 0:01:08]} 26. Qxb5 {[%emt 0:00:59]} Bd7 {[%emt 0:03:56]} 27. Qe2 {[%emt 0:01:21]} Rxf3 {[%emt 0:01:12]} 28. gxf3 {[%emt 0:01:02]} Bd6 {[%emt 0:01:28]} 29. Rh5 {[%emt 0:00:27]} g6 {[%emt 0:00:34]} 30. Rh3 {[%emt 0:00:37]} Kg7 {[%emt 0:04:24]} 31. Rd1 {[%emt 0:01:24]} Bc6 {[%emt 0:00:39]} 32. Qxe6 {[%emt 0:01:33]} Qg5+ {[%emt 0:01:09]} 33. Qg4 {[%emt 0:00:26]} Qf6 {[%emt 0:00:27]} 34. Qh4 {[%emt 0:00:58]} Qxh4 {[%emt 0:00:53]} 35. Rxh4 {[%emt 0:00:01]} Bxf3 {[%emt 0:00:02]} 36. Rd3 {[%emt 0:02:37]} Be7 {[%emt 0:01:00]} 37. Rxd8 {[%emt 0:00:31]} Bxd8 {[%emt 0:00:09]} 38. Rd4 {[%emt 0:00:42]} Bb6 {[%emt 0:00:50]} 39. Rd7+ {[%emt 0:00:07]} Kh6 {[%emt 0:00:19]} 40. a4 {[%emt 0:00:00]} Kg5 {[%emt 0:00:00]} 41. Rxh7 {[%emt 0:01:17]} 1-0